Catálogo
 En Linea

Los últimos días de la Era de Trujillo / (Registro nro. 52182)

Detalles MARC
000 -CABECERA
campo de control de longitud fija 02155nam a2200349 i 4500
003 - IDENTIFICADOR DEL NÚMERO DE CONTROL
campo de control DO-SdBNP
005 - FECHA Y HORA DE LA ÚLTIMA TRANSACCIÓN
campo de control 20250630100925.0
007 - CAMPO FIJO DE DESCRIPCIÓN FÍSICA--INFORMACIÓN GENERAL
campo de control de longitud fija ta
008 - DATOS DE LONGITUD FIJA--INFORMACIÓN GENERAL
campo de control de longitud fija 220718e1991 dr aoc|gr|||| 001 edspa d
040 ## - FUENTE DE LA CATALOGACIÓN
Centro catalogador/agencia de origen DO-SdBNP
Lengua de catalogación spa
Centro/agencia transcriptor BNPHU
Normas de descripción rda
082 #4 - NÚMERO DE LA CLASIFICACIÓN DECIMAL DEWEY
Número de clasificación 972.93053
Número de documento/Ítem G934ul 1991
Número de edición 22
100 1# - ENTRADA PRINCIPAL--NOMBRE DE PERSONA
9 (RLIN) 14303
Nombre de persona Guerrero, Miguel,
Fechas asociadas al nombre 1945-
Término indicativo de función/relación autor
245 14 - MENCIÓN DE TÍTULO
Título Los últimos días de la Era de Trujillo /
Mención de responsabilidad, etc. Miguel Guerrero ; corrección Esther de Guerrero
250 ## - MENCIÓN DE EDICIÓN
Mención de edición 3a edición
264 ## - PRODUCCIÓN, PUBLICACIÓN, DISTRIBUCIÓN, FABRICACIÓN Y COPYRIGHT
Producción, publicación, distribución, fabricación y copyright Santo Domingo :
Nombre del de productor, editor, distribuidor, fabricante Editora Corripio,
Fecha de producción, publicación, distribución, fabricación o copyright 1991.
300 ## - DESCRIPCIÓN FÍSICA
Extensión 374 páginas :
Otras características físicas ilustraciones y retratos ;
Dimensiones 23 cm.
336 ## - TIPO DE CONTENIDO
Fuente rdacontent
Término de tipo de contenido texto
Código de tipo de contenido txt
337 ## - TIPO DE MEDIO
Fuente rdamedia
Nombre/término del tipo de medio sin mediación
Código del tipo de medio n
338 ## - TIPO DE SOPORTE
Fuente rdacarrier
Nombre/término del tipo de soporte volumen
Código del tipo de soporte nc
500 ## - NOTA GENERAL
Nota general Incluye datos biográficos del autor en la solapa de la contracubierta.
500 ## - NOTA GENERAL
Nota general Incluye índice de nombres.
504 ## - NOTA DE BIBLIOGRAFÍA, ETC.
Nota de bibliografía, etc. Bibliografía : p. 349-351.
505 ## - NOTA DE CONTENIDO CON FORMATO
Nota de contenido con formato Introducción.
Información miscelánea Capítulo 1.
Título !Cómo se mata a tirano¡ --
Información miscelánea Capítulo 2.
Título Amiama e Imbert se esconden .--
Información miscelánea Capítulo 3.
Título En busca de una solución democrática.--
Información miscelánea Capítulo 4.
Título Balaguer enfrenta su primera crisis.--
Información miscelánea Capítulo 5.
Título La conspiración de los coroneles.--
Información miscelánea Capítulo 6.
Título Un periplo por el Caribe.--
Información miscelánea Capítulo 7.
Título Trujillo sale de su tumba.--
Información miscelánea Capítulo 8.
Título Ramfis abandona el país.--
Información miscelánea Capítulo 9.
Título Un ataque con bombas y cohetes.--
Información miscelánea Capítulo 10.
Título El exilio de Trujillo.--
Información miscelánea Capítulo 11.
Título La paz vuelve a San Isidro.--
Información miscelánea Capítulo 12.
Título Un final luctuoso para una era de sangre.--
Información miscelánea Capítulo 13.
Título Carajo, con lo grande que era ese hombre.--
Información miscelánea Capítulo 14.
Título Balaguer y la Unión Cívica Nacional.--
Información miscelánea Capítulo 15.
Título "La era de Trujillo ha terminado".--
-- Epílogo.--
-- Índice de nombres.
534 ## - NOTA SOBRE LA VERSIÓN ORIGINAL
Encabezamiento principal del original Edición original
590 ## - NOTA LOCAL (RLIN)
Nota local Inventariado 2022 / MF
600 14 - PUNTO DE ACCESO ADICIONAL DE MATERIA--NOMBRE DE PERSONA
Nombre de persona Trujillo Molina, Rafael Leónidas,
Fechas asociadas al nombre 1891-1961
9 (RLIN) 82018
650 #4 - PUNTO DE ACCESO ADICIONAL DE MATERIA--TÉRMINO DE MATERIA
Término de materia o nombre geográfico como elemento de entrada Homicidio político
Subdivisión geográfica República Dominicana
9 (RLIN) 11383
651 #4 - PUNTO DE ACCESO ADICIONAL DE MATERIA--NOMBRE GEOGRÁFICO
Nombre geográfico República Dominicana
Subdivisión general Política y gobierno
Subdivisión cronológica Era de Trujillo, 1930-1961
651 #0 - PUNTO DE ACCESO ADICIONAL DE MATERIA--NOMBRE GEOGRÁFICO
Nombre geográfico República Dominicana
Subdivisión general Historia
Subdivisión cronológica Era de Trujillo, 1930-1961
9 (RLIN) 78796
910 ## - DATOS DE OPCIÓN DEL USUARIO (OCLC)
Datos de opción del usuario MFeliz/Validado. Control de calidad MFF
942 ## - ELEMENTOS DE PUNTO DE ACCESO ADICIONAL (KOHA)
Fuente del sistema de clasificación o colocación Dewey Decimal Classification
Tipo de ítem Koha Libro
Existencias
Estado de retiro Estado de pérdida Fuente del sistema de clasificación o colocación Restricciones de uso No para préstamo Código de colección Localización permanente Ubicación/localización actual Ubicación en estantería Fecha de adquisición Fuente de adquisición Signatura topográfica completa Código de barras Fecha visto por última vez Precio válido a partir de Tipo de ítem Koha Nota pública Número de copia Total de préstamos
    Dewey Decimal Classification Excluido de préstamo   Patrimonio Dominicano Biblioteca Nacional Pedro Henríquez Ureña Biblioteca Nacional Pedro Henríquez Ureña Depósito 05.03.2020 Donación BNPHU PD 972.93053 G934ul 1991 2022-3462 18.07.2022 18.07.2022 Libro Perteneció a la biblioteca personal de Lourdes Delgado.    
    Dewey Decimal Classification Excluido de préstamo   Patrimonio Dominicano Biblioteca Nacional Pedro Henríquez Ureña Biblioteca Nacional Pedro Henríquez Ureña Depósito 06.02.2023 Donación BNPHU PD 972.93053 G934ul 1991 2023-0699 06.02.2023 06.02.2023 Libro   e.2  
    Dewey Decimal Classification Préstamo en sala   Dominicana de Servicio Biblioteca Nacional Pedro Henríquez Ureña Biblioteca Nacional Pedro Henríquez Ureña Depósito 06.02.2023 Donado por Inés Manuela Pimentel BNPHU DS 972.93053 G934ul 1991 2023-0705 06.02.2023 06.02.2023 Libro   e.3  

Con tecnología Koha